000 00378pab a2200133 454500
008 180718b xxu||||| |||| 00| 0 eng d
100 _aDatta Anubrata
245 _aThe university and its environment
362 _a32(26), 27 Jun 1994, p.1-11
650 _a Education, Higher -- India
650 _aUniversities and Colleges -- India
773 _aUniversity News
909 _a27660
999 _c27660
_d27660